[Event "Weekend Accademia Primavera"]
[Site "Roma ITA"]
[Date "2011.04.01"]
[Round "2"]
[White "Sacco, Davide"]
[Black "Reina, Giuseppe"]
[Result "1-0"]
[WhiteElo "1597"]
[BlackElo "1830"]
[PlyCount "53"]
[EventDate "2011.04.01"]

1. d4 Nf6 2. c4 g6 3. Nc3 Bg7 4. e4 d6 5. Be2 O-O 6. Nf3 e5 7. O-O exd4 8. Nxd4
Re8 9. Bg5 h6 10. Bxf6 Bxf6 11. Qd3 Na6 12. Rad1 Nc5 13. Qc2 a5 14. Bf3 Be5 15.
g3 Bxd4 16. Rxd4 Qf6 17. Qd1 Be6 18. Bg2 Bg4 19. Qd2 Bf3 20. Re1 Bxg2 21. Kxg2
Ne6 22. Rd5 Ng5 23. Qf4 Qxf4 24. gxf4 Ne6 25. Kf3 Ng7 26. Rg1 Kf8 27. h4 1-0

[Event "Weekend Accademia Primavera"]
[Site "Roma ITA"]
[Date "2011.04.01"]
[Round "2"]
[White "Tudorache, Marian"]
[Black "Movileanu, Daniela"]
[Result "1/2-1/2"]
[WhiteElo "2039"]
[BlackElo "1940"]
[PlyCount "98"]
[EventDate "2011.04.01"]

1. e4 g6 2. d4 Bg7 3. h4 h5 4. Bc4 Nc6 5. Nf3 d6 6. c3 Nf6 7. Ng5 O-O 8. a4 d5
9. exd5 Nxd5 10. Qf3 Nf6 11. Bf4 Na5 12. Ba2 c5 13. Qg3 Qb6 14. O-O Qxb2 15.
Nd2 cxd4 16. cxd4 Qxd4 17. Ndf3 Qd7 18. Ne5 Qe8 19. Bxf7+ Rxf7 20. Ngxf7 Ng4
21. f3 Nxe5 22. Nxe5 Nb3 23. Rad1 Bf5 24. Rd5 e6 25. Rb5 Nd4 26. Rb2 Rd8 27.
Kh1 b6 28. a5 b5 29. Rd2 Rd5 30. Re1 Qd8 31. Rxd4 Rxd4 32. Nc6 Qd7 33. Nxd4
Qxd4 34. Rc1 e5 35. Bg5 b4 36. f4 e4 37. Qb3+ Kh7 38. Rc7 e3 39. Re7 Be4 40.
Qe6 Qd1+ 41. Kh2 Bxg2 42. Rxg7+ Kxg7 43. Qf6+ Kg8 44. Qxg6+ Kf8 45. Qf6+ Kg8
46. Qe6+ Kg7 47. Bh6+ Kh7 48. Kxg2 Qe2+ 49. Kg3 Qf2+ 1/2-1/2

[Event "Weekend Accademia Primavera"]
[Site "Roma ITA"]
[Date "2011.04.01"]
[Round "2"]
[White "Tulli, Cesare"]
[Black "Caruso, Antonino"]
[Result "0-1"]
[WhiteElo "1479"]
[BlackElo "1723"]
[PlyCount "101"]
[EventDate "2011.04.01"]

1. d4 d5 2. Nf3 Nf6 3. Bf4 c6 4. h3 Bf5 5. e3 Nbd7 6. Bd3 Bxd3 7. Qxd3 Ne4 8.
O-O e6 9. Nbd2 Ndf6 10. c4 Be7 11. Rac1 O-O 12. c5 Nxd2 13. Nxd2 Nh5 14. Bh2 f5
15. Qb3 Qc8 16. Nf3 Nf6 17. Ne5 Nd7 18. Nd3 Rf7 19. Nf4 Nf6 20. f3 g5 21. Nd3
Nd7 22. Rf2 h5 23. Rcf1 h4 24. Qc2 Bf6 25. b4 a6 26. Ne5 Rg7 27. Kh1 Nxe5 28.
dxe5 Be7 29. a4 a5 30. Qb3 Qc7 31. Rb2 Bf8 32. e4 f4 33. exd5 cxd5 34. bxa5
Rxa5 35. Qb6 Qxb6 36. Rxb6 Bxc5 37. Rxe6 Rxa4 38. Bg1 d4 39. Rd1 Kf7 40. Rf6+
Ke7 41. Re1 Ra6 42. Rf5 Rag6 43. e6 b6 44. Rfe5 Rf6 45. R5e4 Rgg6 46. Bxd4 Rxe6
47. Bb2 Rxe4 48. Rxe4+ Re6 49. Ra4 Re1+ 50. Kh2 Bf2 51. Re4+ 0-1

[Event "Weekend Accademia Primavera"]
[Site "Roma ITA"]
[Date "2011.04.02"]
[Round "3"]
[White "Capparelli, Stefano"]
[Black "Milani, Patrizia"]
[Result "1-0"]
[WhiteElo "1473"]
[BlackElo "1464"]
[PlyCount "97"]
[EventDate "2011.04.01"]

1. e4 c6 2. d4 d5 3. exd5 cxd5 4. Nf3 Nf6 5. Nc3 a6 6. Bf4 Nc6 7. Be2 Qb6 8.
Rb1 Bg4 9. O-O e6 10. Na4 Qd8 11. h3 Bf5 12. Nh4 Bg6 13. Nxg6 hxg6 14. Bf3 Be7
15. Qd3 Rh4 16. Be3 Nd7 17. c4 Nb4 18. Qb3 b5 19. cxb5 axb5 20. Nc5 Bxc5 21.
dxc5 Nc6 22. Qxb5 Qc7 23. a3 Nde5 24. Qe2 Kd7 25. Rfd1 Nxf3+ 26. Qxf3 f5 27.
Ra1 Rah8 28. b4 Ne5 29. Qg3 Re4 30. Bf4 Nf3+ 31. Qxf3 Qxf4 32. Qxf4 Rxf4 33. b5
Rc4 34. c6+ Kc7 35. a4 Ra8 36. a5 Rc5 37. Rdb1 d4 38. Kf1 d3 39. Ke1 e5 40. Kd2
e4 41. b6+ Kxc6 42. b7 Rb8 43. a6 Rc2+ 44. Ke3 Re2+ 45. Kd4 d2 46. a7 Rd8+ 47.
Kc4 d1=Q 48. Ra6+ Kc7 49. b8=Q+ 1-0

[Event "Weekend Accademia Primavera"]
[Site "Roma ITA"]
[Date "2011.04.02"]
[Round "3"]
[White "Carola, Paolo"]
[Black "Minikh, Edouard"]
[Result "0-1"]
[WhiteElo "1882"]
[BlackElo "1923"]
[PlyCount "38"]
[EventDate "2011.04.01"]

1. e4 d6 2. d4 Nf6 3. Nc3 g6 4. Bg5 c6 5. Qd2 h6 6. Bh4 g5 7. Bg3 Bg7 8. h4 g4
9. h5 Qa5 10. e5 dxe5 11. dxe5 Nd5 12. Nxd5 Qxd5 13. Qxd5 cxd5 14. Bb5+ Nc6 15.
Ne2 Bd7 16. Bxc6 bxc6 17. Rc1 O-O-O 18. Nf4 Bf5 19. e6 f6 0-1

[Event "Weekend Accademia Primavera"]
[Site "Roma ITA"]
[Date "2011.04.02"]
[Round "3"]
[White "Caruso, Antonino"]
[Black "De Carolis, Massimo"]
[Result "0-1"]
[WhiteElo "1723"]
[BlackElo "1972"]
[PlyCount "62"]
[EventDate "2011.04.01"]

1. c4 e5 2. Nc3 Nf6 3. g3 Bb4 4. Bg2 O-O 5. d3 Nc6 6. e3 d5 7. cxd5 Nxd5 8.
Nge2 Be6 9. O-O Qd7 10. Qc2 Rad8 11. Rd1 f5 12. a3 Be7 13. d4 Nxc3 14. bxc3 Bc4
15. Bb2 e4 16. Rd2 Na5 17. Nc1 g5 18. Qd1 Qd5 19. Bf1 Rd6 20. Bxc4 Nxc4 21. Rc2
f4 22. exf4 gxf4 23. Qg4+ Rg6 24. Qe2 Bd6 25. Nb3 fxg3 26. hxg3 Bxg3 27. fxg3
Rxg3+ 28. Kh2 Rff3 29. Qxf3 Rxf3 30. Rg1+ Kf7 31. Nd2 Qh5+ 0-1

[Event "Weekend Accademia Primavera"]
[Site "Roma ITA"]
[Date "2011.04.02"]
[Round "3"]
[White "Disi, Alessandro"]
[Black "Disi, Federico"]
[Result "1/2-1/2"]
[WhiteElo "1528"]
[BlackElo "1386"]
[PlyCount "64"]
[EventDate "2011.04.01"]

1. e4 e5 2. Nf3 Nc6 3. Bc4 Nf6 4. O-O Bc5 5. d3 d5 6. exd5 Nxd5 7. Ng5 h6 8.
Qh5 O-O 9. Ne4 b6 10. Nxc5 bxc5 11. Be3 Qd6 12. Nd2 g6 13. Qxh6 Ncb4 14. Ne4
Qd8 15. Bxd5 Nxd5 16. Bxc5 Re8 17. Ng5 Nf6 18. Rfe1 Qd5 19. d4 Bf5 20. dxe5
Rxe5 21. Rxe5 Qxe5 22. Qh8+ Kxh8 23. Nxf7+ Kg7 24. Nxe5 Bxc2 25. Bd4 Rd8 26.
Bxa7 Rd5 27. Rc1 Rxe5 28. f4 Re2 29. a4 Bxa4 30. Rxc7+ Kh6 31. b4 Ne4 32. g4
Rb2 1/2-1/2

[Event "Weekend Accademia Primavera"]
[Site "Roma ITA"]
[Date "2011.04.02"]
[Round "3"]
[White "Gromovs, Sergejs"]
[Black "Chiaretti, Roberto"]
[Result "1-0"]
[WhiteElo "2308"]
[BlackElo "2214"]
[PlyCount "145"]
[EventDate "2011.04.01"]

1. d4 Nf6 2. Nf3 e6 3. c4 Bb4+ 4. Nbd2 b6 5. g3 Bb7 6. Bg2 O-O 7. O-O d6 8. Nb1
d5 9. c5 bxc5 10. a3 Ba5 11. dxc5 c6 12. b4 Bc7 13. Bb2 Nbd7 14. Nbd2 a5 15.
Qc2 Qe7 16. e4 Rfc8 17. exd5 exd5 18. Rfe1 Qf8 19. Nd4 Re8 20. Nf5 axb4 21.
axb4 Rxa1 22. Rxa1 Ra8 23. Rxa8 Qxa8 24. b5 Be5 25. Bxe5 Nxe5 26. Qc3 Ng6 27.
b6 Ne8 28. Nb3 Qa2 29. Bf1 Qb1 30. Qd3 Qxd3 31. Bxd3 Ne5 32. Na5 Nxd3 33. Nxb7
Kf8 34. Nd4 Nf6 35. Nxc6 Nd7 36. Nba5 N3xc5 37. b7 Na6 38. Kf1 Ke8 39. Ke2 Ndb8
40. Ke3 Kd7 41. Ne5+ Ke6 42. Kd4 f6 43. Nd3 Kd6 44. f4 g6 45. g4 Nc7 46. Kc3
Nca6 47. Kd4 Nc7 48. h4 Ne6+ 49. Ke3 Kc7 50. Nb4 d4+ 51. Ke4 Kb6 52. f5 gxf5+
53. gxf5 Ng7 54. Nb3 Kxb7 55. Nxd4 Kc8 56. Ne6 Ne8 57. Nf8 Nd6+ 58. Kf4 h6 59.
Nd5 Nc6 60. Nh7 Nd4 61. Ne3 Ne8 62. Ke4 Nb5 63. Ng4 Ned6+ 64. Kf4 Nd4 65. Nxh6
Kd8 66. Nxf6 Ke7 67. Nd5+ Kf8 68. f6 Ne2+ 69. Kg5 Ng3 70. Kg6 Nge4 71. Nf4 Nd2
72. Ne6+ Ke8 73. Nf5 1-0

[Event "Weekend Accademia Primavera"]
[Site "Roma ITA"]
[Date "2011.04.02"]
[Round "3"]
[White "Lisi, Sebastiano"]
[Black "Ricci, Stefano"]
[Result "1-0"]
[WhiteElo "1967"]
[BlackElo "1518"]
[PlyCount "49"]
[EventDate "2011.04.01"]

1. e4 Nf6 2. e5 Nd5 3. c4 Nb6 4. d4 d6 5. exd6 cxd6 6. Nc3 g6 7. Be3 Bg7 8. Rc1
O-O 9. Be2 Nc6 10. Nf3 Bg4 11. b3 e5 12. dxe5 Nxe5 13. O-O Nxf3+ 14. Bxf3 Bxf3
15. Qxf3 Qh4 16. Rfd1 Be5 17. g3 Qe7 18. Nb5 h5 19. c5 Nc8 20. cxd6 Qd7 21. Qe4
Nb6 22. Qxe5 Rfe8 23. Qg5 Rxe3 24. fxe3 h4 25. Rc7 1-0

[Event "Weekend Accademia Primavera"]
[Site "Roma ITA"]
[Date "2011.04.02"]
[Round "3"]
[White "Marelli, Emanuele"]
[Black "Bolla, Vittorio"]
[Result "1/2-1/2"]
[WhiteElo "1622"]
[BlackElo "1782"]
[PlyCount "89"]
[EventDate "2011.04.01"]

1. d4 Nf6 2. c4 c5 3. d5 e6 4. Nc3 exd5 5. cxd5 d6 6. e4 g6 7. Nf3 Bg7 8. h3
O-O 9. Be3 Re8 10. Bd3 a6 11. a4 c4 12. Bc2 Qc7 13. Nd2 Nbd7 14. Qe2 Ne5 15. f4
Nd3+ 16. Bxd3 cxd3 17. Qxd3 Bd7 18. O-O Nh5 19. g4 Bxc3 20. Qxc3 Qxc3 21. bxc3
Ng3 22. Rf3 Nxe4 23. Nxe4 Rxe4 24. a5 Bb5 25. Kf2 Rc8 26. Rc1 Rcc4 27. f5 Ra4
28. fxg6 hxg6 29. Bb6 Ra2+ 30. Kg3 Ree2 31. c4 g5 32. Rfc3 Bd7 33. c5 dxc5 34.
Rf1 Rg2+ 35. Kf3 Rh2 36. Ke4 Rae2+ 37. Re3 Rxe3+ 38. Kxe3 Rxh3+ 39. Ke4 c4 40.
Rf3 Rh4 41. Rg3 Rxg4+ 42. Rxg4 Bxg4 43. Bd8 f6 44. Bxf6 Kf7 45. Bxg5 1/2-1/2

[Event "Weekend Accademia Primavera"]
[Site "Roma ITA"]
[Date "2011.04.02"]
[Round "3"]
[White "Maurizio, Antonio"]
[Black "Tudorache, Marian"]
[Result "1/2-1/2"]
[WhiteElo "1921"]
[BlackElo "2039"]
[PlyCount "69"]
[EventDate "2011.04.01"]

1. d4 Nf6 2. Nf3 g6 3. c4 Bg7 4. Nc3 d6 5. e4 O-O 6. Be2 c5 7. d5 e6 8. dxe6
fxe6 9. e5 dxe5 10. Qxd8 Rxd8 11. Be3 b6 12. Ng5 a6 13. Na4 Rd6 14. b4 e4 15.
Rb1 Nbd7 16. bxc5 bxc5 17. Nxc5 Nxc5 18. Bxc5 Rc6 19. Bd4 e5 20. Bxe5 Bf5 21.
h4 e3 22. Rc1 exf2+ 23. Kxf2 Re8 24. Bxf6 Rxf6 25. Bf3 h6 26. Nh3 Ref8 27. Kg3
Be6 28. Nf2 Rf4 29. Rhe1 Rxc4 30. Rxc4 Bxc4 31. a4 Rf5 32. Ng4 Bf7 33. Re4 h5
34. Ne3 Rc5 35. Be2 1/2-1/2

[Event "Weekend Accademia Primavera"]
[Site "Roma ITA"]
[Date "2011.04.02"]
[Round "3"]
[White "Movileanu, Daniela"]
[Black "Castellano, Lorenzo"]
[Result "1-0"]
[WhiteElo "1940"]
[BlackElo "1874"]
[PlyCount "69"]
[EventDate "2011.04.01"]

1. e4 c5 2. c3 Nf6 3. e5 Nd5 4. d4 cxd4 5. Nf3 e6 6. cxd4 Nc6 7. Nc3 Bb4 8. Bd2
Qa5 9. Qc2 a6 10. Bd3 g6 11. O-O Qb6 12. Nxd5 exd5 13. Be3 O-O 14. a3 Be7 15.
b4 d6 16. exd6 Bxd6 17. Rfe1 Bg4 18. Be2 Rac8 19. Qa2 Be6 20. Rab1 Qd8 21. Bh6
Re8 22. Qd2 Qf6 23. Rbc1 Bg4 24. Be3 Qf5 25. Rc3 Re4 26. Ng5 Ree8 27. f3 Rxe3
28. Qxe3 Bf4 29. Qd3 Qxg5 30. fxg4 Bd2 31. h4 Qf4 32. Rf1 Qxd4+ 33. Qxd4 Nxd4
34. Rxc8+ Kg7 35. Bf3 1-0

[Event "Weekend Accademia Primavera"]
[Site "Roma ITA"]
[Date "2011.04.02"]
[Round "3"]
[White "Passeri, Marco"]
[Black "Di Carlo, Adriano"]
[Result "1/2-1/2"]
[WhiteElo "1521"]
[BlackElo "1749"]
[PlyCount "56"]
[EventDate "2011.04.01"]

1. d4 d5 2. c4 c6 3. Nd2 Nf6 4. Ngf3 e6 5. e3 Nbd7 6. Bd3 Bd6 7. O-O O-O 8. b3
e5 9. cxd5 exd4 10. Nc4 Nc5 11. Bb1 Nxd5 12. exd4 Ne6 13. Nxd6 Qxd6 14. Ne5 Nc3
15. Qh5 Nxb1 16. Rxb1 Nxd4 17. Bb2 Bf5 18. Rfe1 Qxe5 19. Bxd4 Qe6 20. Qg5 Qg6
21. Qh4 Rfe8 22. Bxa7 Rxe1+ 23. Rxe1 f6 24. Qc4+ Qf7 25. Qd4 h5 26. f3 b5 27.
Bc5 Rxa2 28. b4 Qg6 1/2-1/2

[Event "Weekend Accademia Primavera"]
[Site "Roma ITA"]
[Date "2011.04.02"]
[Round "3"]
[White "Pica, Livia"]
[Black "Reina, Giuseppe"]
[Result "1/2-1/2"]
[WhiteElo "1695"]
[BlackElo "1830"]
[PlyCount "90"]
[EventDate "2011.04.01"]

1. d4 Nf6 2. Nf3 g6 3. Nc3 d5 4. Bf4 c6 5. Ne5 Bg7 6. Qd2 h6 7. h4 Bf5 8. f3 h5
9. e3 Nbd7 10. Be2 Nb6 11. g4 hxg4 12. fxg4 Ne4 13. Nxe4 Bxe4 14. Rh2 Nd7 15.
Nd3 e5 16. Bg3 exd4 17. g5 dxe3 18. Qxe3 Qb6 19. Qxb6 axb6 20. c3 O-O 21. Kd2
f5 22. a3 b5 23. Nf4 Kf7 24. h5 gxh5 25. Bxh5+ Kg8 26. Ne6 Rfd8 27. Nxg7 Kxg7
28. Ke3 c5 29. Bf3 Kg6 30. Bf4 Rh8 31. Rh6+ Rxh6 32. gxh6 Bxf3 33. Kxf3 Nf6 34.
Rh1 Kh7 35. Re1 Re8 36. Rxe8 Nxe8 37. Bg5 Nd6 38. Kf4 Nc4 39. Kxf5 Nxb2 40. Ke5
b4 41. cxb4 cxb4 42. axb4 Nd3+ 43. Kxd5 Nxb4+ 44. Kc5 Nd3+ 45. Kb6 Ne5 1/2-1/2

[Event "Weekend Accademia Primavera"]
[Site "Roma ITA"]
[Date "2011.04.02"]
[Round "3"]
[White "Pipitone, Filippo Massimo"]
[Black "Maddaloni, Giovanni"]
[Result "0-1"]
[WhiteElo "1577"]
[BlackElo "1827"]
[PlyCount "21"]
[EventDate "2011.04.01"]

1. d4 Nf6 2. Nf3 g6 3. Nc3 Bg7 4. Bf4 d6 5. h3 O-O 6. e3 h6 7. Be2 Nfd7 8. O-O
Nc6 9. Rb1 e5 10. dxe5 Ncxe5 11. a3 0-1

[Event "Weekend Accademia Primavera"]
[Site "Roma ITA"]
[Date "2011.04.02"]
[Round "3"]
[White "Quimi, Marco"]
[Black "Barletta, Antonio"]
[Result "1-0"]
[WhiteElo "2140"]
[BlackElo "2015"]
[PlyCount "123"]
[EventDate "2011.04.01"]

1. e4 Nc6 2. d4 d5 3. e5 f6 4. f4 Nh6 5. Nf3 Bg4 6. Be2 Nf5 7. c3 g6 8. O-O Qd7
9. Na3 Nd8 10. Nc2 Bg7 11. Ne3 Nxe3 12. Bxe3 Nf7 13. a4 O-O 14. h3 Be6 15. Nh4
Nh6 16. g4 f5 17. g5 Nf7 18. Nf3 Rfb8 19. Rf2 Qe8 20. Rg2 Bd7 21. Qb3 Bc6 22.
h4 e6 23. h5 Nd8 24. hxg6 hxg6 25. Nh4 Bf8 26. Rh2 Qf7 27. Qd1 Qg7 28. b4 Be8
29. Kg2 Qd7 30. a5 Bg7 31. Nf3 a6 32. Nd2 Qf7 33. Nb3 Bb5 34. Bxb5 axb5 35. Qe2
c6 36. Rhh1 Qc7 37. Ra2 Ra7 38. Kg3 Rba8 39. Qh2 b6 40. Qh7+ Kf8 41. Qxg6 bxa5
42. bxa5 Qf7 43. Qxf7+ Kxf7 44. Bc1 Nb7 45. Ba3 Ra6 46. Bb4 Kg6 47. Rah2 Kf7
48. Rh7 Kg6 49. R1h6+ Bxh6 50. Rxh6+ Kg7 51. Rxe6 Rh8 52. Re7+ Kg6 53. Rxb7 Rh1
54. Rb6 Ra8 55. Rxc6+ Kg7 56. Be7 Rg1+ 57. Kf3 Rg4 58. e6 Kg6 59. Bf6 Rg1 60.
Rc7 Rb1 61. Rg7+ Kh5 62. Rh7+ 1-0

[Event "Weekend Accademia Primavera"]
[Site "Roma ITA"]
[Date "2011.04.02"]
[Round "3"]
[White "Romano, Marco Motraz"]
[Black "Prudenzano, Ruggero"]
[Result "1-0"]
[WhiteElo "1852"]
[BlackElo "1953"]
[PlyCount "61"]
[EventDate "2011.04.01"]

1. e4 c5 2. Nf3 e6 3. d4 cxd4 4. Nxd4 a6 5. Be2 Qc7 6. Be3 Nf6 7. f3 b6 8. a3
Bb7 9. Nc3 b5 10. Qd2 Nc6 11. Nxc6 dxc6 12. Rd1 Be7 13. O-O c5 14. b3 O-O 15.
a4 Rfd8 16. Qc1 Qe5 17. Nb1 bxa4 18. bxa4 Qh5 19. Bf4 Bxe4 20. g4 Qg6 21. fxe4
Nxg4 22. Kh1 Rxd1 23. Bxd1 Rd8 24. Bxg4 Qxg4 25. Qe3 h5 26. Nd2 g5 27. Rg1 Qh4
28. Nf3 Qh3 29. Bxg5 Kf8 30. Bh6+ Ke8 31. Rg8+ 1-0

[Event "Weekend Accademia Primavera"]
[Site "Roma ITA"]
[Date "2011.04.02"]
[Round "3"]
[White "Sacco, Davide"]
[Black "Covello, Danilo"]
[Result "0-1"]
[WhiteElo "1597"]
[BlackElo "1455"]
[PlyCount "108"]
[EventDate "2011.04.01"]

1. d4 Nf6 2. c4 g6 3. Nc3 d5 4. Bf4 Bg7 5. e3 O-O 6. Nf3 c6 7. Bd3 Nbd7 8. cxd5
Nxd5 9. Bg3 Nxc3 10. bxc3 Qa5 11. Qc2 c5 12. O-O Nf6 13. Be5 b6 14. Rab1 Bd7
15. c4 Rac8 16. d5 Qa6 17. h3 Ne8 18. Bxg7 Nxg7 19. Rfe1 Rcd8 20. Ne5 Be8 21.
e4 Qc8 22. Ng4 h5 23. Ne3 Bd7 24. Nf1 e6 25. Re3 e5 26. Rg3 Rde8 27. Qb2 Kh7
28. Qd2 Qd8 29. f4 exf4 30. Qxf4 h4 31. Re3 Nh5 32. Qf3 Qg5 33. Kh1 Re5 34.
Rbe1 Kg7 35. Be2 Rfe8 36. Bd1 Bc8 37. Qf2 f5 38. Bf3 f4 39. R3e2 Ng3+ 40. Nxg3
hxg3 41. Qf1 Rh8 42. Rd2 Qf6 43. d6 Bd7 44. Red1 g5 45. Rd5 Ree8 46. Qe2 Rh4
47. e5 Qh6 48. Kg1 Rh8 49. Qe4 Bxh3 50. gxh3 Rxh3 51. R1d2 g2 52. Bxg2 Re3 53.
Qf5 Re1+ 54. Kf2 Qh4+ 0-1

[Event "Weekend Accademia Primavera"]
[Site "Roma ITA"]
[Date "2011.04.02"]
[Round "3"]
[White "Squicciarini, Simone"]
[Black "Fargnoli, Maurizio"]
[Result "1-0"]
[WhiteElo "1584"]
[BlackElo "1694"]
[PlyCount "73"]
[EventDate "2011.04.01"]

1. d4 Nf6 2. Nf3 e6 3. g3 c5 4. c3 b6 5. Bg2 Bb7 6. O-O Be7 7. dxc5 bxc5 8.
Nbd2 d5 9. Ne5 O-O 10. Qa4 Nbd7 11. Ndc4 dxc4 12. Nxd7 Bxg2 13. Nxf6+ Bxf6 14.
Kxg2 Qd5+ 15. Kg1 e5 16. Qc2 Rad8 17. Be3 Be7 18. Rfd1 Qe6 19. Rxd8 Rxd8 20.
Rd1 Rxd1+ 21. Qxd1 Kf8 22. Qa4 a6 23. Qc2 f5 24. f3 g5 25. Bf2 Kg7 26. Kg2 h5
27. h3 Kf6 28. Qa4 e4 29. Qe8 e3 30. Qh8+ Kg6 31. Qe8+ Kg7 32. Be1 Kh6 33. h4
f4 34. hxg5+ Kxg5 35. gxf4+ Kh6 36. Bh4 Qg6+ 37. Qxg6+ 1-0

[Event "Weekend Accademia Primavera"]
[Site "Roma ITA"]
[Date "2011.04.02"]
[Round "3"]
[White "Tosi, Francesco"]
[Black "Carnicelli, Valerio"]
[Result "1-0"]
[WhiteElo "1874"]
[BlackElo "1903"]
[PlyCount "142"]
[EventDate "2011.04.01"]

1. Nf3 d5 2. d4 e6 3. g3 Nf6 4. Bg2 Bd6 5. c4 c6 6. b3 Nbd7 7. O-O O-O 8. Bb2
b6 9. Nbd2 Bb7 10. Qc2 Rc8 11. e4 dxe4 12. Ng5 Qe7 13. Ndxe4 Nxe4 14. Nxe4 Ba3
15. Bxa3 Qxa3 16. c5 Ba8 17. Nd6 Rcd8 18. Nc4 Qa6 19. b4 b5 20. Na5 Nf6 21.
Rfd1 Rd7 22. Rd2 Rfd8 23. Rad1 h6 24. h4 Qc8 25. Nb3 Qc7 26. a3 Bb7 27. Re1 Re7
28. Rde2 Rde8 29. f4 Bc8 30. Bf3 Kh8 31. Re5 Nd7 32. R5e3 Nf6 33. Qe2 Kg8 34.
Nc1 Rd7 35. Nb3 Rde7 36. Qg2 Nd5 37. Re5 Kh8 38. Qc2 Nf6 39. Nc1 Kg8 40. R5e2
Bd7 41. Nd3 a5 42. Ne5 a4 43. g4 Nd5 44. Qd2 Bc8 45. g5 hxg5 46. hxg5 g6 47.
Rh2 Kg7 48. Rh6 Rh8 49. Qh2 Ree8 50. Bxd5 exd5 51. Kf2 Be6 52. Rh1 Rhg8 53.
Rh7+ Kf8 54. Rh8 Ke7 55. Rxg8 Rxg8 56. Qh7 Kf8 57. Rh6 Bf5 58. Rh4 Be6 59. Qh6+
Ke7 60. Rh1 Qc8 61. Kg3 Qd7 62. Qh2 Qc8 63. Qe2 Qd7 64. Rh7 Kd8 65. Qd3 Bf5 66.
Qe2 Be6 67. Qh2 Kc8 68. Rg7 Rxg7 69. Qh8+ Kb7 70. Qxg7 Kb8 71. Qf8+ Kb7 1-0

[Event "Weekend Accademia Primavera"]
[Site "Roma ITA"]
[Date "2011.04.02"]
[Round "4"]
[White "Barletta, Antonio"]
[Black "Romano, Marco Motraz"]
[Result "1-0"]
[WhiteElo "2015"]
[BlackElo "1852"]
[PlyCount "51"]
[EventDate "2011.04.01"]

1. e4 e5 2. f4 d5 3. exd5 e4 4. d3 exd3 5. Qxd3 Nf6 6. Nc3 Be7 7. Be2 O-O 8.
Bf3 Re8 9. Nge2 Nbd7 10. Be3 Nb6 11. O-O-O g6 12. Ng3 Ng4 13. Bxg4 Bxg4 14. Rd2
Bf6 15. Bd4 Bxd4 16. Qxd4 c5 17. Qd3 a6 18. h3 Bd7 19. Nge4 Bf5 20. g4 Bxe4 21.
Nxe4 Rc8 22. c4 Qe7 23. Re2 f5 24. gxf5 gxf5 25. Rg1+ Kh8 26. Qc3+ 1-0

[Event "Weekend Accademia Primavera"]
[Site "Roma ITA"]
[Date "2011.04.02"]
[Round "4"]
[White "Bolla, Vittorio"]
[Black "Pica, Livia"]
[Result "1-0"]
[WhiteElo "1782"]
[BlackElo "1695"]
[PlyCount "107"]
[EventDate "2011.04.01"]

1. e4 e5 2. Nf3 Nc6 3. Bb5 d6 4. d4 a6 5. Bxc6+ bxc6 6. dxe5 Bb7 7. O-O f6 8.
exf6 Nxf6 9. Bg5 Be7 10. Bxf6 Bxf6 11. c3 O-O 12. Qb3+ Kh8 13. Qxb7 Qd7 14. Qb3
Rfe8 15. Nbd2 Re6 16. Rfe1 Be7 17. Rad1 Rg6 18. Nf1 Qg4 19. Ng3 Rf8 20. c4 Qf4
21. Qe3 Qf7 22. b3 a5 23. Re2 c5 24. Rd5 Qf6 25. e5 Qe6 26. exd6 Qxe3 27. Rxe3
Bxd6 28. Kf1 Kg8 29. Rf5 Rb8 30. Ne5 Rh6 31. Rh5 Re6 32. Nc6 Rxe3 33. fxe3 Ra8
34. a4 Ra6 35. Ne5 Rb6 36. Nd3 Rxb3 37. Ke2 Ra3 38. Nxc5 Ra2+ 39. Kf3 Rc2 40.
Nb7 Rxc4 41. Nxd6 cxd6 42. Rxa5 Rc7 43. Ne2 Re7 44. g4 Kf8 45. h4 Ke8 46. Ra8+
Kf7 47. a5 Ke6 48. Nd4+ Kd5 49. a6 Kc5 50. Rc8+ Kb6 51. Rc6+ Ka7 52. Rxd6 Ka8
53. Rd8+ Ka7 54. Nc6+ 1-0

[Event "Weekend Accademia Primavera"]
[Site "Roma ITA"]
[Date "2011.04.02"]
[Round "4"]
[White "Capparelli, Stefano"]
[Black "Passeri, Marco"]
[Result "0-1"]
[WhiteElo "1473"]
[BlackElo "1521"]
[PlyCount "92"]
[EventDate "2011.04.01"]

1. e4 c5 2. Nf3 d6 3. d3 g6 4. c3 Bg7 5. g3 Nc6 6. Bg2 Rb8 7. O-O b5 8. Be3 e5
9. Nbd2 Nh6 10. Nb3 O-O 11. d4 cxd4 12. cxd4 Na5 13. dxe5 Nxb3 14. Qxb3 a5 15.
exd6 Qxd6 16. Bf4 Qb6 17. Bxb8 Qxb8 18. Rfe1 Be6 19. Qc2 Rc8 20. Qd2 a4 21. Ng5
Bc4 22. Bf1 Rd8 23. Qc2 Bxf1 24. Rxf1 a3 25. Nf3 Bxb2 26. Rad1 Re8 27. Rfe1 b4
28. Rd7 Qb5 29. Qd3 Qh5 30. Rd8 Rxd8 31. Qxd8+ Kg7 32. Qd3 Bc3 33. Re2 Ng4 34.
Kg2 Qc5 35. h3 Nf6 36. e5 Nd5 37. Nd2 Qc6 38. Kg1 h5 39. Qe4 Bxd2 40. Rxd2 Qc1+
41. Kg2 Qxd2 42. e6 Nf6 43. Qb7 Qd5+ 44. Qxd5 Nxd5 45. exf7 Kxf7 46. Kf3 Nc3
0-1

[Event "Weekend Accademia Primavera"]
[Site "Roma ITA"]
[Date "2011.04.02"]
[Round "4"]
[White "Carnicelli, Valerio"]
[Black "Disi, Alessandro"]
[Result "1-0"]
[WhiteElo "1903"]
[BlackElo "1528"]
[PlyCount "85"]
[EventDate "2011.04.01"]

1. e4 e5 2. Nf3 Nc6 3. Bc4 Nf6 4. d3 Bc5 5. c3 d6 6. Nbd2 O-O 7. Bb3 Kh8 8. h3
Ne8 9. Nf1 Qe7 10. Ng3 Nd8 11. Qe2 Be6 12. O-O c6 13. Be3 Bxe3 14. fxe3 Bxb3
15. axb3 g6 16. d4 f6 17. b4 b5 18. Nd2 Kg7 19. Qg4 Kh8 20. h4 Qe6 21. Qxe6
Nxe6 22. Ra6 Nd8 23. Rfa1 Rf7 24. d5 Rc7 25. R1a5 cxd5 26. exd5 Rb7 27. Nge4
Nf7 28. Nb3 f5 29. Ng5 Nd8 30. Ra3 h6 31. Na5 hxg5 32. Nxb7 Nxb7 33. Rxa7 Rxa7
34. Rxa7 Nf6 35. hxg5 Nxd5 36. Rxb7 Nxe3 37. Rxb5 Kg7 38. Rb7+ Kf8 39. b5 Nc4
40. b6 Na5 41. Rc7 e4 42. b7 Nxb7 43. Rxb7 1-0

[Event "Weekend Accademia Primavera"]
[Site "Roma ITA"]
[Date "2011.04.02"]
[Round "4"]
[White "Castellano, Lorenzo"]
[Black "Ricci, Stefano"]
[Result "1-0"]
[WhiteElo "1874"]
[BlackElo "1518"]
[PlyCount "59"]
[EventDate "2011.04.01"]

1. e4 e5 2. Nf3 Nc6 3. d4 exd4 4. Nxd4 Nf6 5. Nxc6 bxc6 6. e5 Ne4 7. Qf3 Ng5 8.
Qg3 Be7 9. Bd3 d5 10. O-O h5 11. f4 h4 12. Qf2 Nh3+ 13. gxh3 Bxh3 14. Re1 Qd7
15. f5 O-O 16. Qf3 c5 17. Qxh3 c4 18. Bf1 d4 19. f6 Qxh3 20. Bxh3 gxf6 21. exf6
Bxf6 22. Na3 d3 23. Nxc4 dxc2 24. Bf5 Kh8 25. Bxc2 Rg8+ 26. Kf1 h3 27. Bf4 Rg4
28. Be5 Bxe5 29. Nxe5 Rg2 30. Be4 1-0

[Event "Weekend Accademia Primavera"]
[Site "Roma ITA"]
[Date "2011.04.02"]
[Round "4"]
[White "Chiaretti, Roberto"]
[Black "Maurizio, Antonio"]
[Result "1-0"]
[WhiteElo "2214"]
[BlackElo "1921"]
[PlyCount "91"]
[EventDate "2011.04.01"]

1. d4 d5 2. c4 e6 3. Nc3 Be7 4. Nf3 Nf6 5. Bg5 O-O 6. e3 Nbd7 7. Qc2 c6 8.
O-O-O a6 9. Kb1 b5 10. c5 a5 11. Bd3 h6 12. h4 a4 13. Bxf6 Bxf6 14. g4 Be7 15.
g5 h5 16. Ne2 e5 17. e4 dxe4 18. Bxe4 Qc7 19. Ng3 exd4 20. Nxd4 Nxc5 21. Bxc6
Bg4 22. Bxa8 Bxd1 23. Rxd1 Rxa8 24. Nxb5 Qb6 25. Nc3 Bf8 26. Nxh5 Rb8 27. Nd5
Qg6 28. Qxg6 fxg6 29. Nhf4 Kh7 30. Ne3 Rb4 31. Ned5 Rc4 32. h5 gxh5 33. g6+ Kg8
34. Nxh5 Ne6 35. Re1 Rd4 36. Rxe6 Rxd5 37. Ng3 Rd6 38. Rxd6 Bxd6 39. Ne4 Be7
40. f4 Kf8 41. Kc2 Bb4 42. Kd3 a3 43. bxa3 Bxa3 44. f5 Ke8 45. Kc4 Kf8 46. Kd5
1-0

[Event "Weekend Accademia Primavera"]
[Site "Roma ITA"]
[Date "2011.04.02"]
[Round "4"]
[White "De Carolis, Massimo"]
[Black "Lisi, Sebastiano"]
[Result "0-1"]
[WhiteElo "1972"]
[BlackElo "1967"]
[PlyCount "48"]
[EventDate "2011.04.01"]

1. e4 e5 2. Nf3 Nc6 3. Bb5 a6 4. Ba4 Nf6 5. O-O Be7 6. Re1 b5 7. Bb3 d6 8. c3
O-O 9. h3 Na5 10. Bc2 d5 11. exd5 e4 12. Ng5 Nxd5 13. Nxe4 f5 14. Ng3 f4 15.
Nf1 f3 16. g4 Nf4 17. Qxf3 Bb7 18. Be4 Bxe4 19. Qxe4 Bd6 20. Re3 Nc4 21. d4 Qh4
22. Qh1 Nxh3+ 23. Qxh3 Qxf2+ 24. Kh1 Qxf1+ 0-1